000
00248nam a2200109Ia 4500
008
190914s9999||||xx |||||||||||||| ||und||
100
_a
Kanetkar Yashavat
245
0
_a
Let US C + +
260
_a
India
_b
Pearson
_c
2001
300
_a
630
942
_c
BK
999
_c
8889
_d
8889